000 00888nam a22002057a 4500
999 _c13949
_d13949
003 AR-CdUCM
008 190417b ||||| |||| 00| 0 spa d
040 _aMUNICIPALIDAD PROVINCIAL DEL CUSCO
_cBIBLIOTECA MUNICIPAL DEL CUSCO
082 _aC / 239.93 /
_bG26
100 _aGarcia, Mariano N.
_930284
245 _aCrónica de las fiestas marianas celebradas en la diócesis del Cuzco en el quincuagésimo aniversario de la definición dogmática de la inmaculada concepción de María Santísima /
260 _aCuzco :
_bAmericana,
_c1905.
300 _a124 páginas ;
_c20 cm.
505 _aContenido : Introducción -- Alocución pastoral -- Segunda alocución pastoral -- Relación de las fiestas Marianas -- Fiestas solemnes ...
650 _aIglesia
_91428
650 _aCatólica
_929516
650 _aAniversario
_912430
942 _2ddc
_cLIBROS
945 _arah
_d17/04/2019